000 nam a22 a 4500
999 _c159619
_d159619
003 BLK
005 20201028104156.0
008 180410b bul|||||r ||||||| ||bul||
010 _aKNG00166792000
040 _aBLK
041 _aFRE
_cBUL
072 7 _2bullib
_aЦ
_xРедки и ценни
080 _aВидове системи и направления
_b141
_z141
080 _aРелигия и наука. Теология и философия. Знание и вяра. Конфликт между църквата и науката Вж и 001;1;291. 1;234; 239
_b215
_z215
100 1 _aGrote, George
_eпърви автор
_9334560
139 _aGrote, George
_bG 89
245 1 0 _aLa religion naturelle
_bSon influence sur le bonheur du genbe humain
_cGeorge Grote; подг. за печат Lonnie D. Bentley; прев. от англ. M. E. Cazelles.
257 _aGBR
260 _bGermer Bailliere
_c1875
_aParis
300 _a162,24 с.
_c18 см
380 _a1
490 _9435080
_aКолекция Редки и ценни издания
650 4 _aФилософия - системи, направления и школи
_9251900
650 4 _aФилософия, религиозна
_9325568
653 _aфилософия
653 _aфилософски системи
653 _aрелигия
659 _aЦ
700 1 _aBentley, Lonnie D.
_eподг. за печат
_94969
700 1 _aCazelles, M. E.
_eпрев. от англ.
_96907
852 _aРф 875
_bРц
856 4 _qpdf
942 _cKNG
_n0
_s1
944 _aCR
_c03.11.2014
_kНаталия_Медовщикова
944 _aED
_c2020-10-28
999 _d159619